Państwa europy z najniższym procentem gór - Statystyki

Ogólne statystyki
  • Ten quiz został rozwiązany 30 razy
  • Średni wynik to 8 z 10
Statystyki odpowiedzi
Hint Odpowiedź % Poprawnych
0% Białoruś
90%
0% Estonia
90%
0% Litwa
90%
0% Łotwa
90%
5% Belgia
86%
0% Holandia
86%
0% Dania
79%
5% Irlandia
76%
0,6% Finlandia
66%
2% Węgry
59%
Nie znaleziono quizów pasujących do podanych kryteriów
Rozkład punktacji
Procent ludzi z każdym wynikiem
Percentyl według liczby udzielonych odpowiedzi
Twoja historia wyników
Nie rozwiązałeś tego quizu